Marcatori della Juventus in UEFA Champions League 2019-2020 - Statistics

Statistiche generali
  • Questo quiz è stato fatto 72 volte
  • Il punteggio medio è 11 su 14
Statistiche sulle risposte
Partita Minuto Marcatore % Corretto
Juventus - Bayer Leverkusen 3-0 89' Cristiano Ronaldo
99%
Bayer Leverkusen - Juventus 0-2 75' Cristiano Ronaldo
99%
Juventus - Olympique Lione 2-1 43' Cristiano Ronaldo
99%
Juventus - Olympique Lione 2-1 60' Cristiano Ronaldo
99%
Juventus - Lokomotiv Mosca 2-1 77' Paulo Dybala
96%
Juventus - Lokomotiv Mosca 2-1 79' Paulo Dybala
96%
Juventus - Atletico Madrid 1-0 47' Paulo Dybala
96%
Juventus - Bayer Leverkusen 3-0 17' Gonzalo Higuaín
83%
Bayer Leverkusen - Juventus 0-2 92' Gonzalo Higuaín
83%
Lokomoitv Mosca - Juventus 1-2 93' Douglas Costa
78%
Atletico Madrid - Juventus 2-2 48' Juan Cuadrado
74%
Atletico Madrid - Juventus 2-2 65' Blaise Matuidi
61%
Lokomoitv Mosca - Juventus 1-2 4' Aaron Ramsey
43%
Juventus - Bayer Leverkusen 3-0 62' Federico Bernardeschi
42%
Nessun quiz corrispondente trovato
Distribuzione punteggi
Percentuale di utenti per punteggio
Percentile per numero di risposta
I tuoi punteggi nel tempo
Non hai fatto questo quiz